| 000 | 00625nam a2200181 i 4500 | ||
|---|---|---|---|
| 001 | 38172 | ||
| 003 | ES-MaACL | ||
| 005 | 20230906155718.0 | ||
| 007 | t| | ||
| 008 | 030224s1967 sp ||||1| spa d | ||
| 100 | 1 |
_aCabestrero, Teófilo. _933189 |
|
| 245 | 1 | 0 |
_aResurrección octava y cinco domingos de Pascua / _cTeófilo Cabestrero ; con la colaboración de Santiago García y María Pilar de La Figuera. |
| 260 |
_aMadrid : _b[s.n., _c1967] ( _fImp. Sèz) |
||
| 300 |
_a160 p. ; _c20 cm. |
||
| 700 | 1 |
_aGarcía, Santiago. _954096 |
|
| 700 | 1 |
_aFiguera, María Pilar de la. _950753 |
|
| 852 |
_aES-MaACL _jC-32108 _bR.62598 |
||
| 999 |
_c38172 _d38172 |
||